Integración regional y CAFTA /
Guardado en:
| Autor principal: | |
|---|---|
| Formato: | Texto |
| Materias: | |
| Etiquetas: |
Agregar Etiqueta
Sin Etiquetas, Sea el primero en etiquetar este registro!
|
MARC
| LEADER | 00000 a a2200000 04500 | ||
|---|---|---|---|
| 001 | 14270 | ||
| 003 | |||
| 040 | |||
| 100 | |a Hernández Chávez, Alcídes | ||
| 245 | |a Integración regional y CAFTA / |c Alcídes Hernández Chávez | ||
| 650 | |a INTEGRACION REGIONAL | ||
| 650 | |a LIBRE COMERCIO | ||
| 650 | |a CONFLICTOS POLITICOS | ||
| 650 | |a ASPECTOS ECONOMICOS | ||
| 650 | |a ASPECTOS SOCIALES | ||
| 650 | |a AMERICA CENTRAL | ||
| 773 | |g volumen 11, número 67 -68; páginas 48-66 | ||
| 999 | |c 29879 |d 29879 | ||
